Théâtralité hors théâtre : pour lire Nietzsche (notice n° 1648622)

détails MARC
000 -LEADER
fixed length control field 01561cam a2200157 4500500
005 - DATE AND TIME OF LATEST TRANSACTION
control field 20260208003719.0
041 ## - LANGUAGE CODE
Language code of text/sound track or separate title fre
042 ## - AUTHENTICATION CODE
Authentication code dc
100 10 - MAIN ENTRY--PERSONAL NAME
Personal name Goetschel, Jacques
Relator term author
245 00 - TITLE STATEMENT
Title Théâtralité hors théâtre : pour lire Nietzsche
260 ## - PUBLICATION, DISTRIBUTION, ETC.
Date of publication, distribution, etc. 2005.<br/>
500 ## - GENERAL NOTE
General note 9
520 ## - SUMMARY, ETC.
Summary, etc. Considering theatrality less as the essence of theatre, which is the high place for Mimesis, than the condition of its emergence, we would like to bring to force what could express it above text and performance : alterity, impresentability, feminity. Even if it seems closely related to place and acting of the representation, including the actors, the spectator and the setting, theatrality will prove to be a place for creativity, a transitional space in which truth can be performed. We will assess its stakes through a second intertextual reading of The Birth of Tragedy and of posthumous extracts from the same period ; we can at the same time wonder over the legitimacy of a theatral instinct which would be one of the essential forms of the « Kunstriels » ; its fate is to act as a metaphor of an « acting Dionysos » and to a revealing poetisation of truth for which the actor eventually turns out to be the interpret in so far as he plays on it on being absent and he opens a text to the other, who never introduces himself as such.
786 0# - DATA SOURCE ENTRY
Note Les Études philosophiques | 73 | 2 | 2005-06-01 | p. 145-182 | 0014-2166
856 41 - ELECTRONIC LOCATION AND ACCESS
Uniform Resource Identifier <a href="https://shs.cairn.info/revue-les-etudes-philosophiques-2005-2-page-145?lang=fr&redirect-ssocas=7080">https://shs.cairn.info/revue-les-etudes-philosophiques-2005-2-page-145?lang=fr&redirect-ssocas=7080</a>

Pas d'exemplaire disponible.

PLUDOC

PLUDOC est la plateforme unique et centralisée de gestion des bibliothèques physiques et numériques de Guinée administré par le CEDUST. Elle est la plus grande base de données de ressources documentaires pour les Étudiants, Enseignants chercheurs et Chercheurs de Guinée.

Adresse

627 919 101/664 919 101

25 boulevard du commerce
Kaloum, Conakry, Guinée

Réseaux sociaux

Powered by Netsen Group @ 2025